|
|
|
|
| LEADER |
00593nam a22001697a 4500 |
| 020 |
|
|
|a 9789381317839
|
| 082 |
|
|
|a H100 7
|b PRA/M
|
| 100 |
|
|
|a Prakash Jedhe
|9 46509
|
| 245 |
|
|
|a Muktibhidh ki lambhi kavita samvedna aur shilp/
|c by Prakash Jedhe
|
| 260 |
|
|
|a Kanpur:
|b Vikas Prakashan,
|c 2013.
|
| 300 |
|
|
|a 215p.
|
| 650 |
|
|
|a Poetry Hindi Study
|9 46510
|
| 650 |
|
|
|a Literature Hindi
|9 46511
|
| 650 |
|
|
|a Literature
|9 46512
|
| 942 |
|
|
|c BK
|
| 999 |
|
|
|c 71627
|d 71627
|
| 952 |
|
|
|0 0
|1 0
|4 0
|6 H_100_700000000000000_PRA_M
|7 0
|9 92245
|a SSUS
|b SSUS
|c STACKS
|d 2018-05-25
|g 450.00
|o H100 7 PRA/M
|p 089658
|r 2018-05-25
|w 2018-05-25
|y BK
|